000 00930 a2200241 4500
999 _c6894
_d6894
020 _a0761942394 (hardcover)
020 _a0761942408 (pbk.)
050 0 0 _aBF77FRE2006
100 1 _aFreeman, Richard P. J.
245 1 0 _aStudy skills for psychology :
_bsucceeding in your degree /
_cRichard P.J. Freeman and Tony Stone.
264 _aNew Delhi:
_bSage,
_c2006
300 _aix, 165 p. :
440 0 _aSage study skills
500 _aincludes index
504 _aIncludes bibliographical references and index.
650 0 _aPsychology
_xStudy and teaching (Higher)
650 0 _aStudy skills.
700 1 _aStone, Tony.
856 4 2 _3Publisher description
_uhttp://www.loc.gov/catdir/enhancements/fy0658/2005935708-d.html
856 4 1 _3Table of contents only
_uhttp://www.loc.gov/catdir/enhancements/fy0658/2005935708-t.html
942 _2lcc
_cBK
_h77
_iFRE
_k2006